00469pab a2200145 454500008004000000100003200040245009900072260000900171300001500180362000800195650002900203650002100232700001900253773005100272180718b2017 xxu||||| |||| 00| 0 eng d aHarguindeguy, Jean-Baptiste aThe survival of Spanish provincial governments in a quasi-federal polity: reframing the debate c2017 ap.226-239. aFeb aLocal government - Spain aLocal government aCole, Alistair aInternational Journal of Public Administration